000 00595nam a2200229Ia 4500
005 20260320201752.0
008 008 262003s9999 xx 000 0 eng d
037 _aEBOOK
040 _aCRL
040 _beng
040 _cCRL
041 _2eng
041 _aeng
084 _qCRL
100 _aGee
245 2 _aA Day in the Life of a CISO: Personal Mentorship from 24+ Battle-Tested CISOs — Mentoring We Never Got
260 _bIEEE
856 _uhttps://ieeexplore.ieee.org/servlet/opac?bknumber=11244370
942 _cEBOOK
999 _c1723436
_d1723436